书目信息 |
| 题名: |
过程控制工程及仿真
|
|
| 作者: | 郭阳宽 , 王正林 编著 | |
| 分册: | ||
| 出版信息: | 北京 电子工业出版社 2009 |
|
| 页数: | 317页 | |
| 开本: | 26cm | |
| 丛书名: | MATLAB精品丛书 | |
| 单 册: | ||
| 中图分类: | TP273 | |
| 科图分类: | ||
| 主题词: | 算法语言--应用--过程控制--控制系统--系统仿真 , 算法语言 , 过程控制 , 控制系统 , 系统仿真 | |
| 电子资源: | ||
| ISBN: | 978-7-121-08096-8 | |
| 000 | 01143oam2 2200337 450 | |
| 001 | 100428579242 | |
| 005 | 20110111085656.77 | |
| 010 | @a978-7-121-08096-8@dCNY39.90 | |
| 100 | @a20090525d2009 em y0chiy0110 ea | |
| 101 | 0 | @achi |
| 102 | @aCN@b110000 | |
| 105 | @ay z 000yy | |
| 106 | @ar | |
| 200 | 1 | @a过程控制工程及仿真@Aguo cheng kong zhi gong cheng ji fang zhen@e基于MATLAB/Simulink@f郭阳宽,王正林编著 |
| 210 | @a北京@c电子工业出版社@d2009 | |
| 215 | @a317页@d26cm@e1光盘 | |
| 225 | 2 | @aMATLAB精品丛书 |
| 307 | @a附光盘:ISBN 978-7-89464-149-6 | |
| 330 | @a本书以仿真应用为中心,讲述了过程控制系统的仿真,并结合MATLAB/Simulink仿真工具的应用,讲述了过程控制系统的结构、原理、设计和参数整定等知识。 | |
| 461 | 0 | @12001 @aMATLAB精品丛书 |
| 606 | 0 | @a算法语言@x应用@x过程控制@x控制系统@x系统仿真 |
| 606 | 0 | @a算法语言 |
| 606 | 0 | @a过程控制 |
| 606 | 0 | @a控制系统 |
| 606 | 0 | @a系统仿真 |
| 610 | 0 | @aMATLAB |
| 690 | @aTP273@v4 | |
| 701 | 0 | @a郭阳宽@Aguo yang kuan@4编著 |
| 701 | 0 | @a王正林@Awang zheng lin@c(自动控制)@4编著 |
| 801 | 0 | @aCN@bSYL@c20110111 |
| 905 | @b205973696-721@h597369-72@dTP273@e102@f4 | |
| 过程控制工程及仿真:基于MATLAB/Simulink/郭阳宽,王正林编著.-北京:电子工业出版社,2009 |
| 317页;26cm+1光盘.-(MATLAB精品丛书) |
| ISBN 978-7-121-08096-8:CNY39.90 |
| 本书以仿真应用为中心,讲述了过程控制系统的仿真,并结合MATLAB/Simulink仿真工具的应用,讲述了过程控制系统的结构、原理、设计和参数整定等知识。 |
| ● |
| 相关链接 |
|
|
|
|
正题名:过程控制工程及仿真
索取号:TP273/102
 
预约/预借
| 序号 | 登录号 | 条形码 | 馆藏地/架位号 | 状态 | 备注 |
| 1 | 597369 | 205973696 | 第二样本阅览室/ [索取号:TP273/102] | 在馆 | |
| 2 | 597370 | 205973703 | 密集书库—计算机科学学院/ [索取号:TP273/102] | 在馆 | |
| 3 | 597371 | 205973712 | 第三借阅区/ [索取号:TP273/102] | 在馆 | |
| 4 | 597372 | 205973721 | 第三借阅区/ [索取号:TP273/102] | 在馆 |